Tell it again!: the new storytelling handbook for primary teachers
Saved in:
| Main Authors: | , |
|---|---|
| 格式: | 圖書 |
| 語言: | 英语 |
| 出版: |
Essex
Pearson Education
2002
|
| 版: | 2a. ed |
| 叢編: | Penguin English Photocopiables
|
| 主題: | |
| 標簽: |
添加標簽
沒有標簽, 成為第一個標記此記錄!
|
MARC
| LEADER | 00000nam a2200000 a 4500 | ||
|---|---|---|---|
| 001 | UCK7751 | ||
| 003 | CL-VaPUC | ||
| 008 | 051209e20020000uk |||||||||||||||||eng|d | ||
| 020 | |a 0582447747 | ||
| 082 | 0 | 4 | |a 428 |b ELL |2 21 |
| 100 | 0 | |a Ellis, Gail |e author |9 497341 | |
| 700 | 0 | |a Brewster, Jean |e author |9 497342 | |
| 245 | 1 | 0 | |a Tell it again!: the new storytelling handbook for primary teachers |
| 250 | |a 2a. ed | ||
| 300 | |a 188 p | ||
| 942 | |c BK | ||
| 945 | |d 20051209 00:00:00 |a cmena | ||
| 260 | |a Essex |b Pearson Education |c 2002 | ||
| 500 | |a Complementario con cassette | ||
| 650 | 0 | |a Enseñanza del inglés |9 367340 | |
| 650 | 0 | |a Educación lingüística |9 306506 | |
| 650 | 0 | |a Educación básica |9 224933 | |
| 650 | 0 | |a Comprensión de lectura |9 307588 | |
| 650 | 0 | |a Métodos de enseñanza |9 270413 | |
| 583 | |a last modification |c 20171204 01:34:04 |k Rodrigo Vera | ||
| 490 | 0 | |a Penguin English Photocopiables | |
| 999 | |c 315600 |d 315598 | ||
| 952 | |0 0 |1 0 |4 0 |6 428_000000000000000_ELL_2002 |7 0 |8 A |9 388985 |a BIBEDU |b BIBEDU |d 2019-11-22 |i 419070K |o 428 ELL 2002 |p 419070K |r 2019-11-22 |w 2019-11-22 |y BK |k LIT | ||